000 00442nam a2200181Ia 4500
001 17334
005 20260306171510.0
008 260306s9999||||xx |||||||||||||| ||und||
041 _aESP
082 _a657.7
_bI97
100 _aIzar Landeta, Juan Manuel
_eAUT
245 0 _aContabilidad gerencial:
_bguía técnica
260 _c2007
300 _a240 páginas :
_c27 cm.
650 _aGEN
654 _aCCO
942 _cLIB
_dJUS
_fJUS
_2ddc
_n
999 _c17334
_d17334